|
|
|
|
| LEADER |
00000nab a2200000 a 4500 |
| 001 |
vtls001522790 |
| 003 |
SK-MaSNL |
| 005 |
20260305043140.0 |
| 008 |
160401c20041220xo dr n 000 00slo |
| 015 |
|
|
|a SVKPORB2005/04
|
| 040 |
|
|
|a SVKPOCL
|b slo
|c SVKPO
|e AACR2
|
| 041 |
0 |
|
|a slo
|
| 044 |
|
|
|a xo
|c SK
|
| 080 |
|
|
|a 316.022(=161)(437.6):061.2:061.3
|2 UDC-MRF-SK3
|
| 080 |
|
|
|a 316.022(=161.2)(437.6):061.2:061.3
|2 UDC-MRF-SK3
|
| 100 |
1 |
|
|a Wiesner, Karol
|4 aut
|9 944500
|
| 245 |
1 |
0 |
|a Hrozí im apokalypsa?
|b Rusíni ani Ukrajinci to vraj na Slovensku...
|c Karol Wiesner
|
| 610 |
2 |
7 |
|a Zväz Rusínov-Ukrajincov Slovenskej republiky
|2 svkpocl
|9 18604
|
| 611 |
2 |
7 |
|a Zväz Rusínov-Ukrajincov Slovenskej republiky. Zjazd
|n 4.
|d 2004
|c Prešov, Slovensko
|2 svkpocl
|9 1625205
|
| 648 |
|
7 |
|a 18.12.2004
|2 snkbucl
|9 1625206
|
| 650 |
0 |
7 |
|a Rusíni
|2 svkpocl
|9 4087
|
| 650 |
0 |
7 |
|a Ukrajinci
|2 svkpocl
|9 19025
|
| 650 |
0 |
7 |
|a kongresy
|2 svkpocl
|9 19200
|
| 651 |
|
7 |
|a Prešov (Slovensko)
|2 svkpocl
|9 17347
|
| 773 |
0 |
|
|t Prešovský večerník
|g Roč. XV, č. 3616 (20.12.2004), s. 7
|x 1336-4030
|
| 852 |
|
|
|a SVKPO
|b KIS3GCP
|
| 958 |
|
|
|a RN
|
| 958 |
|
|
|a UK
|
| 958 |
|
|
|a SK
|
| 999 |
|
|
|c 3352309
|d 3354239
|